[Event "GBR-ch83"]
[Site "Nottingham"]
[Date "1996.08.15"]
[Round "10.20"]
[White "Baker, Chris W"]
[Black "Lilley, Graham"]
[Result "0-1"]
[WhiteElo "2370"]
[BlackElo "2185"]
[PlyCount "66"]
[EventDate "1996.08.05"]
[EventType "swiss"]
[EventRounds "11"]
[EventCountry "GBR"]

1. e4 d6 2. d4 Nf6 3. Nc3 g6 4. f4 Bg7 5. Nf3 O-O 6. e5 Nfd7 7. h4 c5 8. h5
cxd4 9. hxg6 dxc3 10. Rxh7 $5 (10. gxf7+ Rxf7 11. Bc4 e6 12. Ng5 cxb2 13. Bxb2
Qa5+ 14. Ke2 Nf8 {Sutovsky,E (2700)-Ivanchuk,V (2768), FIDE World Cup,
Khanty-Mansiysk 2011 (0-1, 36)}) 10... Nb6 $4 (10... fxg6 $1 $17) 11. Ng5 $4 (
11. gxf7+ $1 Rxf7 (11... Kxh7 12. Qd3+ {mates}) 12. Ng5 $18) 11... fxg6 $19 (
11... Bf5 $2 12. gxf7+ Rxf7 13. Qh5 Qf8 14. g4 Bxc2 15. f5 Bxf5 16. gxf5 cxb2
17. Bxb2 {1-0, Finocchiaro,G (2021)-Cugini,V (2167), Bratto 2008}) 12. Qd3 Rf5
13. Qxc3 Nc6 14. Be3 Rxg5 15. Rxg7+ Kxg7 16. fxg5 dxe5 17. Rd1 Qh8 18. Bf4 Bg4
19. Bxe5+ Nxe5 20. Qxe5+ Kg8 21. Qxh8+ Kxh8 22. Rd4 Bf5 23. c4 Rc8 24. b3 e5
25. Rd6 Kg7 26. a4 Rc6 27. Rd8 a5 28. Re8 Nd7 29. g4 Bxg4 30. Kd2 Kf7 31. Ra8
Nc5 32. Kc3 Ra6 33. Rb8 Rb6 0-1

[Event "GBR-ch83"]
[Site "Nottingham"]
[Date "1996.08.15"]
[Round "10.21"]
[White "Rudd, Jack"]
[Black "Sahu, Sekhar Chandra"]
[Result "1/2-1/2"]
[WhiteElo "2190"]
[BlackElo "2340"]
[PlyCount "118"]
[EventDate "1996.08.05"]
[EventType "swiss"]
[EventRounds "11"]
[EventCountry "GBR"]

1. d4 Nf6 2. c4 c6 3. Nc3 d5 4. Nf3 g6 5. Bf4 dxc4 6. a4 Bf5 $6 (6... Nd5) (
6... Bg7) 7. e3 Nd5 (7... Bg7 8. Bxc4 O-O) 8. Be5 f6 9. Bxb8 Rxb8 10. Bxc4 Be6
11. Qb3 Qb6 12. Qxb6 axb6 13. Nd2 f5 14. Ke2 Bg7 15. Bxd5 cxd5 (15... Bxd5) 16.
a5 $16 bxa5 17. Rxa5 b6 18. Ra7 f4 19. Rc1 fxe3 20. fxe3 Bf6 21. Na4 Bg4+ 22.
Nf3 O-O 23. h3 Rfc8 24. Rcc7 Rxc7 25. Rxc7 Bf5 26. Rc6 $5 (26. Nc3 $16) 26...
Bd7 27. Rxb6 Bb5+ 28. Kf2 Rxb6 29. Nxb6 e6 30. b3 Bd8 31. Na4 h5 32. Ne5 $6 (
32. Nc5 Kf7 33. h4 $1 {(intending Ng5)} Ke7 34. Ng5 e5 35. dxe5 Bc7 36. Nf3 $18
) 32... Kg7 33. Nc3 Be8 34. b4 Kf6 35. Nd3 g5 36. Nc5 Ke7 37. e4 dxe4 38. N3xe4
g4 39. hxg4 hxg4 40. Kg3 Bc7+ 41. Kxg4 Bc6 42. Kf3 e5 43. Ke3 exd4+ 44. Kxd4
Bh2 45. g4 Bb5 46. Nc3 Bc6 47. Nd3 Bf3 48. g5 Bg1+ 49. Ke5 Be3 50. Kf5 Bd2 51.
Na4 Bc6 52. Nac5 Be8 53. Ne4 Be3 54. Ne5 Bd4 55. Nf6 Ba4 56. g6 Kf8 57. Nf3 Bc3
58. Nd5 Bc2+ 59. Kg5 Bxb4 1/2-1/2

[Event "GBR-ch83"]
[Site "Nottingham"]
[Date "1996.08.15"]
[Round "10.24"]
[White "Wolstencroft, Darryl"]
[Black "Lyell, Mark"]
[Result "1-0"]
[WhiteElo "2200"]
[BlackElo "2235"]
[PlyCount "53"]
[EventDate "1996.08.05"]
[EventType "swiss"]
[EventRounds "11"]
[EventCountry "GBR"]

1. c4 e5 2. g3 Nc6 3. Bg2 g6 4. Nc3 Bg7 5. e4 Nge7 6. Nge2 O-O 7. O-O d6 8. d3
Be6 9. f4 Qd7 10. Nd5 f5 11. Be3 Rae8 12. Qd2 Nd4 13. fxe5 Nxe2+ 14. Qxe2 dxe5
(14... Bxe5 $11) 15. Nxe7+ Qxe7 16. exf5 gxf5 17. Bxb7 Rb8 (17... f4) 18. Bg2
e4 19. Rab1 exd3 20. Qxd3 Rxb2 21. Rxb2 Bxb2 22. Re1 Qb4 (22... Rd8) 23. Rb1
Bxc4 $2 24. Bd5+ (24. Qc2 $1 $18 Qc3 $140 25. Qxc3 Bxc3 26. Rc1) 24... Bxd5 25.
Qxd5+ Rf7 26. Kh1 Qc3 $4 (26... Qe7 $1 27. Bh6 c6 28. Qxc6 Bg7 $13) (26... h5
$5 $11) 27. Bh6 $1 1-0

[Event "GBR-ch83"]
[Site "Nottingham"]
[Date "1996.08.15"]
[Round "10.26"]
[White "Savage, Ben D"]
[Black "Richardson, John R"]
[Result "0-1"]
[WhiteElo "2200"]
[BlackElo "2310"]
[PlyCount "44"]
[EventDate "1996.08.05"]
[EventType "swiss"]
[EventRounds "11"]
[EventCountry "GBR"]

1. e4 e5 2. Nf3 Nc6 3. Bb5 Nge7 4. d4 exd4 5. Nxd4 g6 6. c3 (6. Nc3 Bg7 7. Be3
O-O 8. O-O a6 9. Be2) 6... Bg7 7. Bg5 Nxd4 8. cxd4 c6 9. Be2 Qb6 $15 10. Be3 $2
(10. O-O) 10... Qxb2 11. Nd2 d5 12. Nb3 Qa3 13. e5 f6 14. Bc1 Qa4 15. f4 b6 16.
Qd2 $2 (16. O-O O-O $17) 16... fxe5 17. fxe5 O-O 18. Bb2 Ba6 19. Bf3 Nf5 $19
20. g4 Nh4 21. Be2 Ng2+ 22. Kd1 Rf2 0-1

[Event "GBR-ch83"]
[Site "Nottingham"]
[Date "1996.08.16"]
[Round "11.1"]
[White "Hebden, Mark L"]
[Black "Ward, Christopher G"]
[Result "1/2-1/2"]
[WhiteElo "2530"]
[BlackElo "2460"]
[PlyCount "96"]
[EventDate "1996.08.05"]
[EventType "swiss"]
[EventRounds "11"]
[EventCountry "GBR"]
[SourceTitle "Mega Database 2004"]

1. d4 Nf6 2. Nf3 e6 3. c4 b6 4. a3 Ba6 5. e3 c5 6. Nc3 Be7 7. Bd3 cxd4 8. exd4
d5 9. cxd5 Bxd3 10. Qxd3 Nxd5 11. Qb5+ Qd7 12. Nxd5 exd5 13. Qxd7+ Nxd7 14. Bf4
Rc8 (14... Nf8 15. Kd2 Ne6 16. Bg3 f6 17. Rac1 Kd7 18. h4 h5 {Akobian,V (2640)
-Liang,A (2570), Chess.com 2018 (1-0, 64)}) 15. O-O f6 16. Rfc1 Kf7 17. Nd2
Rhe8 18. Kf1 Nf8 19. Rxc8 Rxc8 20. Ke2 Ne6 21. Be3 f5 22. f4 Bd6 23. g3 Nf8 24.
Kd3 Nd7 25. Rg1 Nf6 26. h3 h5 27. Nf3 Ke6 28. Ne5 Rc7 29. Nf3 Rc8 30. Rg2 Rc7
31. Nh2 Rf7 32. g4 hxg4 33. hxg4 Nxg4 34. Nxg4 fxg4 35. Rxg4 Be7 36. Rg2 Bf6
37. Rc2 Kd7 38. a4 Be7 39. Rh2 Bd6 40. Rh5 Ke6 41. Rg5 Bxf4 42. Bxf4 Rxf4 43.
Rxg7 Rf3+ 44. Kc2 Rf7 45. Rg3 a5 46. b4 axb4 47. Kb3 Rf4 48. Rg6+ Kd7 {Chris
Ward achieved a GM norm as well as clinching the British Championship.} 1/2-1/2

[Event "GBR-ch83"]
[Site "Nottingham"]
[Date "1996.08.16"]
[Round "11.2"]
[White "Parker, Jonathan F"]
[Black "Sadler, Matthew D"]
[Result "1-0"]
[WhiteElo "2470"]
[BlackElo "2615"]
[PlyCount "53"]
[EventDate "1996.08.05"]
[EventType "swiss"]
[EventRounds "11"]
[EventCountry "GBR"]

1. d4 Nf6 2. c4 g6 3. Nc3 d5 4. Nf3 Bg7 5. e3 O-O 6. cxd5 Nxd5 7. Bc4 Nxc3 8.
bxc3 c5 9. O-O Qc7 10. Qe2 Bg4 11. Ba3 Nd7 12. Rac1 Qa5 13. Bb2 Nb6 (13... Rac8
14. a3 cxd4 15. cxd4 Nb6 16. Bb3 {Najdorf,M-Korchnoi,V, Hastings 1971/72 
(½-½, 21)}) 14. Bb3 cxd4 15. cxd4 Rfc8 16. Qd2 Qb5 17. Ba3 Bf6 18. Ne5 Bxe5
19. dxe5 Qxe5 20. Qb4 Be2 $2 21. Rfe1 Rxc1 $2 22. Rxc1 e6 23. Qe7 $1 Bd3 24.
Rd1 $1 $18 (24. Rc7 Qa1+ 25. Bc1 Rf8 26. Bxe6 Bc4 $1 27. Bxc4 Qxc1+ 28. Bf1 Qa1
29. Rxb7 $16) 24... Qa5 (24... Nd5 25. Qxb7 Nb6 26. Qe7 Nd5 27. Bxd5 Qxd5 28.
Bb2 $18) 25. Bb2 Qf5 26. Bc2 $1 (26. e4 $1 $18) 26... Nd5 27. Qxb7 1-0

[Event "GBR-ch83"]
[Site "Nottingham"]
[Date "1996.08.16"]
[Round "11.3"]
[White "Summerscale, Aaron"]
[Black "McShane, Luke J"]
[Result "1-0"]
[WhiteElo "2500"]
[BlackElo "2385"]
[PlyCount "67"]
[EventDate "1996.08.05"]
[EventType "swiss"]
[EventRounds "11"]
[EventCountry "GBR"]
[SourceTitle "Mega Database 2004"]

1. d4 Nf6 2. Bg5 Ne4 3. Bf4 c5 4. d5 Qb6 5. Bc1 e6 6. f3 Nf6 7. c4 Bd6 8. e4
Be5 $5 $146 9. Nd2 (9. Nc3) 9... Bd4 10. Ne2 e5 11. Nxd4 cxd4 12. Nb3 d6 13.
Bd2 a5 14. c5 dxc5 (14... Qd8 $5) 15. Nxc5 O-O 16. Na4 Qd6 17. Qb3 Nfd7 18. Rc1
f5 19. exf5 b6 20. Bb5 Nc5 21. Nxc5 bxc5 22. Qa3 Na6 23. Bc6 (23. O-O $5) 23...
Ra7 (23... Rb8 $5) 24. Qxa5 Bxf5 25. O-O Bd7 $2 (25... Bd3 $1 26. Rfd1 e4 $44)
26. b4 $1 $16 cxb4 (26... Bxc6 27. dxc6 cxb4 28. c7 $5) 27. Rfe1 Re8 28. Rc4
Re7 $2 29. Bxb4 $18 Nxb4 30. Qxa7 Bxc6 31. Qa3 Bxd5 32. Qxb4 Qe6 33. Rxd4 Bxa2
34. Rde4 1-0

[Event "GBR-ch83"]
[Site "Nottingham"]
[Date "1996.08.16"]
[Round "11.4"]
[White "Buckley, Graeme"]
[Black "Emms, John M"]
[Result "0-1"]
[WhiteElo "2370"]
[BlackElo "2500"]
[PlyCount "104"]
[EventDate "1996.08.05"]
[EventType "swiss"]
[EventRounds "11"]
[EventCountry "GBR"]

1. e4 c5 2. Nf3 e6 3. d4 cxd4 4. Nxd4 Nc6 5. Nc3 Qc7 6. Be3 a6 7. f4 b5 8. Be2
Nxd4 9. Qxd4 Bb7 10. O-O-O Rc8 11. Rd2 Nf6 12. Bf3 Be7 13. Kb1 d6 14. e5 (14.
g4 O-O 15. g5 Nd7 16. h4 Rfd8 17. Rf1 {Short,N (2510)-Kotronias,V (2415),
Thessaloniki Olympiad 1988 (½-½, 55)}) 14... dxe5 15. fxe5 Bxf3 16. gxf3 b4 (
16... Rd8) 17. exf6 bxc3 18. fxg7 Rg8 19. Rg2 cxb2 20. Qe4 Bf6 21. Bd4 $6 (21.
Bh6 $1 Qc4 22. Qxh7 Ke7 23. Rd1 Rcd8 24. Rgg1 Rxd1+ (24... Qe2 25. Rxd8 Rxd8
26. g8=N+ $1 $18) 25. Rxd1 Qe2 26. Rh1 Qxf3 27. Re1 Qf2 28. Qe4 $18) 21... Bxd4
22. Qxd4 Qc3 23. Qa4+ Qc6 24. Qxc6+ $2 (24. Qg4 $16) 24... Rxc6 25. Rd1 Ke7 26.
f4 Kf6 27. Kxb2 Rxg7 28. Rxg7 Kxg7 29. Kb3 Rb6+ 30. Ka3 Rc6 31. Kb3 Rb6+ 32.
Kc3 Kf6 33. Rd7 h5 34. a4 h4 35. a5 $2 Rb5 36. Kd4 Rxa5 37. c4 Ra2 38. Ra7 Rxh2
39. Rxa6 h3 40. Ra5 Rf2 41. Ke3 Rc2 42. Kd3 h2 (42... Rc1 43. Rh5 Rh1 44. Ke3
h2 45. Kf2 Ke7 $19) 43. Rh5 Ra2 44. c5 $2 (44. Ke4) 44... Kg6 45. Rh4 Kf5 $19
46. Kd4 Rc2 (46... e5+ $19) 47. Kd3 Rxc5 48. Rxh2 Rc1 49. Rh4 Rg1 50. Ke2 Rg4
51. Rh7 f6 52. Ke3 Rxf4 0-1

[Event "GBR-ch83"]
[Site "Nottingham"]
[Date "1996.08.16"]
[Round "11.5"]
[White "Ferguson, Mark"]
[Black "Lee, Graham D"]
[Result "0-1"]
[WhiteElo "2385"]
[BlackElo "2375"]
[PlyCount "138"]
[EventDate "1996.08.05"]
[EventType "swiss"]
[EventRounds "11"]
[EventCountry "GBR"]

1. e4 c6 2. d4 d5 3. e5 Bf5 4. Nf3 e6 5. Be2 Bg4 6. h3 (6. O-O) 6... Bxf3 7.
Bxf3 Qb6 8. O-O Ne7 9. c3 Nd7 10. Qe2 Rc8 11. g3 $6 c5 12. dxc5 Qxc5 13. Bg2
Nf5 14. Kh2 Qc4 $11 15. Qxc4 Rxc4 16. f4 h5 17. Re1 Rc7 18. Bf1 Nc5 19. Nd2 Be7
20. b3 g5 $17 21. fxg5 Bxg5 22. b4 Bxd2 23. Bxd2 Ne4 24. Bf4 Rxc3 25. Rac1 Kd7
26. Bb5+ Kc7 27. Bd3 Rxc1 28. Rxc1+ Kb8 29. Be2 h4 30. g4 Nd4 31. Bd1 (31. Bd3)
31... Rc8 32. g5 $6 Rg8 33. Bh5 Nxg5 34. Rf1 Ne4 35. Bxf7 Rc8 36. Bh5 Rc2+ 37.
Kg1 Rxa2 38. Be3 Ne2+ 39. Bxe2 Rxe2 40. Rf8+ Kc7 41. Bxa7 Rb2 42. Rh8 Ng5 43.
Bc5 Nxh3+ 44. Kf1 Rb1+ 45. Ke2 Nf4+ 46. Kf3 Ng6 47. Bd6+ Kd7 48. Rh6 Rg1 49. b5
b6 50. Rh7+ Kc8 51. Rc7+ Kd8 52. Rg7 Ke8 53. Kf2 Rg5 54. Bc7 Rf5+ 55. Kg2 Nxe5
56. Bxb6 Rf7 57. Rg8+ Kd7 58. Rd8+ Ke7 59. Rh8 (59. Bc7) 59... Ng6 60. Rg8 Nf4+
61. Kh2 Kd6 62. Bd8 Rh7 63. b6 Kc6 64. Bc7 Nd3 65. Rg2 e5 66. Rg6+ Kb7 67. Rg5
Re7 68. Kh3 e4 69. Rxd5 Rxc7 0-1

[Event "GBR-ch83"]
[Site "Nottingham"]
[Date "1996.08.16"]
[Round "11.6"]
[White "Martin, Andrew D"]
[Black "Cobb, Charles A"]
[Result "1-0"]
[WhiteElo "2425"]
[BlackElo "2260"]
[PlyCount "61"]
[EventDate "1996.08.05"]
[EventType "swiss"]
[EventRounds "11"]
[EventCountry "GBR"]

1. d4 Nf6 2. Nf3 e6 3. e3 c5 4. Bd3 b6 5. O-O Bb7 6. c4 cxd4 7. exd4 Be7 8. b3
O-O 9. Bb2 d5 10. Nbd2 Nc6 11. Rc1 Rc8 12. Qe2 Rc7 13. Rfd1 Re8 14. Nf1 Qa8 15.
Bb1 Na5 16. c5 Nc6 17. Ne5 Nxe5 18. Qxe5 Rec8 19. Rc3 Ne4 $4 20. Bxe4 dxe4 21.
Rg3 Bf8 22. d5 $18 f6 23. Qxe6+ Rf7 24. c6 Ba6 25. Qxe4 Re8 26. Qa4 Bxf1 27.
Kxf1 Bd6 28. Rgd3 Qc8 29. Ba3 Qc7 30. Bxd6 Qxd6 31. g3 1-0

[Event "GBR-ch83"]
[Site "Nottingham"]
[Date "1996.08.16"]
[Round "11.8"]
[White "Phillips, Roy JN"]
[Black "Dunworth, Christopher"]
[Result "1/2-1/2"]
[WhiteElo "2120"]
[BlackElo "2335"]
[PlyCount "37"]
[EventDate "1996.08.05"]
[EventType "swiss"]
[EventRounds "11"]
[EventCountry "GBR"]

1. d4 d6 2. g3 g6 3. Bg2 Bg7 4. e4 Nc6 5. Be3 e5 6. Ne2 Nf6 7. h3 O-O 8. Nbc3
exd4 9. Nxd4 Bd7 10. O-O Re8 11. Re1 Nxd4 12. Bxd4 c5 13. Be3 Bc6 14. Bf4 Qb6
15. Rb1 Rad8 16. Qd2 Qa5 17. Bg5 Rd7 18. Rbd1 Qb4 19. Qc1 1/2-1/2

[Event "GBR-ch83"]
[Site "Nottingham"]
[Date "1996.08.16"]
[Round "11.11"]
[White "Williams, Simon Kim"]
[Black "Cole, Roland B"]
[Result "1/2-1/2"]
[WhiteElo "2350"]
[BlackElo "2215"]
[PlyCount "45"]
[EventDate "1996.08.05"]
[EventType "swiss"]
[EventRounds "11"]
[EventCountry "GBR"]

1. c4 g6 2. Nc3 Bg7 3. d4 Nf6 4. e4 O-O 5. f3 c5 6. d5 e6 7. Bg5 exd5 8. cxd5
h6 9. Be3 d6 10. Qd2 Kh7 11. Nge2 Na6 12. Ng3 Nc7 13. Be2 a6 14. O-O b5 15.
Rac1 Re8 16. Kh1 Bd7 17. Nd1 b4 18. b3 Bb5 19. Bf4 Bxe2 20. Nxe2 Nb5 21. Nb2
Nd7 22. Nc4 Nb6 23. Nxb6 1/2-1/2

[Event "GBR-ch83"]
[Site "Nottingham"]
[Date "1996.08.16"]
[Round "11.12"]
[White "Duncan, Christopher R"]
[Black "Ledger, Stephen C"]
[Result "1-0"]
[WhiteElo "2340"]
[BlackElo "2250"]
[PlyCount "67"]
[EventDate "1996.08.05"]
[EventType "swiss"]
[EventRounds "11"]
[EventCountry "GBR"]

1. c4 e5 2. Nc3 Nc6 3. g3 g6 4. Bg2 Bg7 5. Rb1 d6 6. b4 Bf5 7. b5 Nce7 (7...
Bxb1 8. bxc6 Bf5 9. cxb7 Rb8 10. c5 dxc5 11. Ba3 c6 12. Bxc5 Qc7 13. Qa4 {
Tal,M (2580)-Lorenz,S (2325), Bundesliga 1990 (1-0, 29)}) (7... Nd4 8. d3 Bc8
9. e3 Ne6 10. Nge2 Ne7 11. O-O O-O {Duncan,C (2265)-Lyell,M (2225), 4NCL 1998 
(0-1, 28)}) 8. d3 Qc8 9. a4 Nf6 10. Ba3 Nd7 11. a5 Rb8 12. e4 Be6 13. Nge2 Nc5
14. Nd5 Nxd5 15. cxd5 Bh3 16. O-O b6 17. f3 Bxg2 18. Kxg2 a6 19. d4 $1 exd4 20.
Nxd4 axb5 21. Nc6 $16 Ra8 22. Bxc5 bxc5 23. Rxb5 Qd7 24. Qa4 $18 O-O 25. a6 f5
26. a7 Bd4 27. exf5 Qe8 28. Qc2 gxf5 29. Rb8 Qf7 30. Rxa8 Rxa8 31. Rb1 Kg7 32.
Rb8 Rxa7 33. Nxa7 Qxd5 34. Nb5 1-0

[Event "GBR-ch83"]
[Site "Nottingham"]
[Date "1996.08.16"]
[Round "11.14"]
[White "Berry, Stephen H"]
[Black "Mason, Donald"]
[Result "1/2-1/2"]
[WhiteElo "2315"]
[BlackElo "2275"]
[PlyCount "29"]
[EventDate "1996.08.05"]
[EventType "swiss"]
[EventRounds "11"]
[EventCountry "GBR"]

1. b3 Nf6 2. Bb2 d6 3. e3 Nbd7 4. c4 g6 5. Nc3 Bg7 6. Nf3 O-O 7. d4 e5 8. Be2
Re8 9. Qc2 Qe7 10. O-O-O c6 11. h3 a6 12. g4 b5 13. dxe5 Nxe5 14. Nxe5 dxe5 15.
g5 1/2-1/2

[Event "GBR-ch83"]
[Site "Nottingham"]
[Date "1996.08.16"]
[Round "11.15"]
[White "Lilley, Graham"]
[Black "Molyneux, John"]
[Result "1/2-1/2"]
[WhiteElo "2185"]
[BlackElo "2170"]
[PlyCount "47"]
[EventDate "1996.08.05"]
[EventType "swiss"]
[EventRounds "11"]
[EventCountry "GBR"]

1. c4 f5 2. Nf3 Nf6 3. g3 b6 4. Bg2 Bb7 5. d4 e6 6. O-O Bd6 7. Nc3 Ne4 8. Qc2
Nxc3 9. Qxc3 O-O 10. b3 Be4 11. Bb2 Be7 12. Ne5 Bxg2 13. Kxg2 Qc8 14. d5 Bf6
15. dxe6 Qb7+ 16. Qf3 Qxf3+ 17. Kxf3 d6 18. Nd3 Bxb2 19. Nxb2 Nc6 20. e3 Rae8
21. Nd3 g5 22. h4 g4+ 23. Ke2 Rxe6 24. Nf4 1/2-1/2

[Event "GBR-ch83"]
[Site "Nottingham"]
[Date "1996.08.16"]
[Round "11.16"]
[White "Vigus, James E"]
[Black "Tebb, David J"]
[Result "1/2-1/2"]
[WhiteElo "2245"]
[BlackElo "2320"]
[PlyCount "38"]
[EventDate "1996.08.05"]
[EventType "swiss"]
[EventRounds "11"]
[EventCountry "GBR"]

1. d4 Nf6 2. Bg5 d5 3. Nc3 Bf5 4. f3 Nbd7 5. Nxd5 Nxd5 6. e4 h6 7. Bd2 (7. Bh4)
7... e5 8. Qe2 (8. exd5 Qh4+ 9. g3 Qxd4 10. Bc3 Qe3+ 11. Qe2 Qxe2+ 12. Nxe2
Bxc2 {Richter,K-Stoltz,G, Berlin 1931 (0-1, 35)}) (8. exf5 Qh4+ 9. g3 Qxd4 10.
Ne2 Qxb2 11. Rb1 Qxa2 12. Rxb7 N7b6 13. Nc3 Nxc3 14. Bxc3 {Richter,K-Halosar,H,
Berlin 1940 (1-0, 39)}) 8... Nb4 (8... Bd6 9. O-O-O O-O $17) 9. Bxb4 Bxb4+ 10.
c3 Ba5 11. exf5 Qh4+ 12. g3 Qxd4 13. Rd1 Qa4 14. Qb5 Qxb5 15. Bxb5 $11 c6 16.
Bd3 Nf6 17. Ke2 O-O 18. Nh3 Bb6 19. Nf2 Rad8 1/2-1/2

[Event "GBR-ch83"]
[Site "Nottingham"]
[Date "1996.08.16"]
[Round "11.17"]
[White "Pert, Nicholas"]
[Black "Bates, Richard"]
[Result "0-1"]
[WhiteElo "2195"]
[BlackElo "2315"]
[PlyCount "62"]
[EventDate "1996.08.05"]
[EventType "swiss"]
[EventRounds "11"]
[EventCountry "GBR"]

1. d4 Nf6 2. Nf3 g6 3. g3 Bg7 4. Bg2 O-O 5. O-O d6 6. c4 Nbd7 7. Nc3 e5 8. e4
exd4 9. Nxd4 a6 10. b3 Re8 11. Bb2 Nc5 12. Re1 c6 13. Qc2 a5 14. Rad1 Qb6 15.
h3 (15. Nde2 a4 16. Nc1 axb3 17. axb3 Rd8 {Polugaevsky,L-Nezhmetdinov,R,
Saratov 1953 (½-½, 59)}) 15... a4 16. b4 (16. f4) 16... a3 17. bxc5 dxc5 18.
Ba1 $2 (18. Nb3) 18... cxd4 19. Rxd4 $2 Qxd4 $1 20. Nd5 Qxa1 $1 21. Rxa1 Nxd5
22. exd5 Bxa1 $19 23. dxc6 bxc6 24. Qd1 (24. Bxc6 Re1+ 25. Kg2 Rb8) 24... Bc3
25. Qb3 Bb2 26. Bxc6 Be6 27. Bxe8 Rxe8 28. Qb4 Rc8 29. c5 Bxa2 30. h4 Bd5 31.
Kh2 Ra8 0-1

[Event "GBR-ch83"]
[Site "Nottingham"]
[Date "1996.08.16"]
[Round "11.18"]
[White "Mordue, A Tyson"]
[Black "Ledger, Andrew J"]
[Result "1/2-1/2"]
[WhiteElo "2240"]
[BlackElo "2415"]
[PlyCount "44"]
[EventDate "1996.08.05"]
[EventType "swiss"]
[EventRounds "11"]
[EventCountry "GBR"]

1. e4 c6 2. d4 d5 3. Nc3 dxe4 4. Nxe4 Nd7 5. Bc4 Ndf6 6. Nxf6+ Nxf6 7. Nf3 Bf5
8. Qe2 e6 9. Bg5 h6 10. Bh4 Qa5+ 11. c3 Nd5 12. O-O Bd6 13. Bg3 Bxg3 14. fxg3
O-O 15. Ne5 Qc7 16. Rf2 Rad8 17. Raf1 f6 18. Nd3 Rfe8 19. Nf4 Qc8 20. Bb3 Kh8
21. h3 Bh7 22. Qh5 Nxf4 1/2-1/2

[Event "GBR-ch83"]
[Site "Nottingham"]
[Date "1996.08.16"]
[Round "11.19"]
[White "Sahu, Sekhar Chandra"]
[Black "Clarke, Thomas"]
[Result "1-0"]
[WhiteElo "2340"]
[BlackElo "2230"]
[PlyCount "67"]
[EventDate "1996.08.05"]
[EventType "swiss"]
[EventRounds "11"]
[EventCountry "GBR"]

1. e4 e6 2. Qe2 c5 3. Nf3 Nc6 4. g3 g6 5. Bg2 Bg7 6. O-O Nge7 7. d3 O-O 8. a4
d5 9. Nbd2 b6 10. Re1 Ba6 11. e5 Nb4 12. Qd1 Qc7 13. Nb1 Nec6 14. Bf4 Nd4 15.
Na3 Nxf3+ 16. Bxf3 Nc6 17. Qe2 $5 (17. Nb5) 17... Nd4 18. Qe3 $2 ({Given the
number of input errors made in the bulletin, I can't help wondering whether
White in fact played} 18. Qd1 {here. JS}) 18... Nxf3+ $2 (18... Bxe5 $3 19.
Bxe5 Qxe5 20. Qxe5 Nxf3+ 21. Kg2 Nxe5 22. Rxe5 $17) 19. Qxf3 d4 20. Nc4 Bb7 21.
Qe2 Qc6 22. Qe4 Qxe4 (22... Qc7 23. Qe2 Qc6 $11) 23. dxe4 Ba6 24. Nd6 h6 25. h4
g5 $2 26. hxg5 hxg5 27. Bxg5 Bxe5 28. Be7 Rfb8 29. f4 Bg7 $2 (29... Bxd6 30.
Bxd6 Rb7 {and ...f6 or ...f5}) 30. e5 $1 $18 Bf8 (30... Bb7 31. g4) 31. Bf6 Bg7
32. Kf2 Bxf6 33. exf6 Rd8 34. Re5 $1 (34. Re5 Rxd6 35. Rg5+ $1 (35. Rh1 $4 Rd5
$1 $19) 35... Kf8 36. Rh1 Ke8 37. Rh8+ Kd7 38. Rxa8 $18) 1-0

[Event "GBR-ch83"]
[Site "Nottingham"]
[Date "1996.08.16"]
[Round "11.22"]
[White "Cobb, James E"]
[Black "Rudd, Jack"]
[Result "1-0"]
[WhiteElo "2260"]
[BlackElo "2190"]
[PlyCount "85"]
[EventDate "1996.08.05"]
[EventType "swiss"]
[EventRounds "11"]
[EventCountry "GBR"]

1. Nf3 Nf6 2. d4 c5 3. e3 d5 4. c4 cxd4 5. exd4 Nc6 6. Nc3 e6 7. Bg5 Be7 8. Bd3
O-O 9. O-O dxc4 10. Bxc4 a6 11. a4 b6 12. Qd3 Bb7 13. Rad1 Nb4 14. Qe2 Nbd5 15.
Ne5 h6 (15... Nxc3 16. bxc3 Ne4 17. Bxe7 Qxe7 18. Qb2 Rfc8 19. Rc1 $2 f6 20.
Qxb6 Nd6 21. Qb3 Nxc4 $2 (21... Rxc4 $1 22. Nxc4 Bd5 $19) 22. Nxc4 $11 {
Van Scheltinga,T-Euwe,M, Enschede 1952 (½-½, 29)}) 16. Bd2 Bd6 17. f4 Ne7 18.
Be1 Qc7 19. Bd3 Nf5 20. Bf2 Bxe5 $2 (20... Nd5) 21. Qxe5 (21. dxe5 $5 Qc6 22.
Qf3 Qxf3 23. gxf3 Nh5 24. Be4 $14) 21... Nd6 22. Bh4 Qc6 23. Rd2 Nd7 24. Qe2
Rfe8 25. Qg4 Nc4 $2 (25... f5 $5) (25... b5 $5) 26. d5 $1 $16 Qc5+ (26... Qc7
27. Bxc4 Qc5+ 28. Bf2 Qxc4 29. Bd4 f6 30. Rfd1 $16) 27. Bf2 Ne3 28. Qh3 $18
Nxf1 29. Bxc5 Nxd2 30. Be3 Nb3 31. dxe6 fxe6 32. Bc4 Ndc5 33. f5 b5 34. Bxb3
Nxb3 35. f6 Bc6 36. Bxh6 b4 37. Ne2 Nc5 38. Bxg7 e5 39. Qh8+ Kf7 40. Qh5+ Ke6
41. f7 Red8 42. f8=Q Rxf8 43. Qxe5+ 1-0

[Event "GBR-ch83"]
[Site "Nottingham"]
[Date "1996.08.16"]
[Round "11.28"]
[White "Moskovic, David M"]
[Black "Dyce, Andrew N"]
[Result "1/2-1/2"]
[WhiteElo "2185"]
[BlackElo "2135"]
[PlyCount "35"]
[EventDate "1996.08.05"]
[EventType "swiss"]
[EventRounds "11"]
[EventCountry "GBR"]

1. e4 c6 2. d3 d5 3. Nd2 e5 4. Ngf3 Bd6 5. g3 Nf6 6. Bg2 O-O 7. O-O Bg4 8. h3
Bh5 9. Qe1 Nbd7 10. Nh4 Bg6 11. f4 exf4 12. gxf4 Nh5 13. e5 Bc5+ 14. Kh1 Re8
15. Ndf3 f6 16. d4 fxe5 17. fxe5 Be4 $6 18. Ng5 (18. dxc5 $5 $16 Nxe5 19. Nxe5
Rxe5 20. Qf2) 1/2-1/2

[Event "GBR-ch83 Major Open"]
[Site "Nottingham"]
[Date "1996.08.05"]
[Round "1"]
[White "Kelly, Ian G"]
[Black "Gormally, Daniel W"]
[Result "0-1"]
[WhiteElo "2045"]
[BlackElo "2300"]
[PlyCount "74"]
[EventDate "1996.08.05"]
[EventType "swiss"]
[EventRounds "11"]
[EventCountry "GBR"]

1. Nf3 Nf6 2. c4 g6 3. g3 Bg7 4. Bg2 O-O 5. O-O c5 6. Nc3 Nc6 7. d4 d6 8. d5
Na5 9. Nd2 a6 10. e4 Rb8 11. a4 e6 12. Re1 exd5 13. exd5 Bf5 14. Qf3 Re8 15.
Rxe8+ Qxe8 16. Qf4 Qe1+ 17. Nf1 Nb3 18. Qxd6 Nd7 19. g4 Be5 20. Bf4 Nxa1 21.
Bxe5 Qxe5 22. Qxe5 Nxe5 23. gxf5 Nxc4 24. Ne4 Nb3 25. Nf6+ Kg7 26. Nd7 Rd8 27.
f6+ Kg8 28. Bh3 Nxb2 29. Be6 Nd4 30. Nxc5 b6 31. Nb7 Rb8 32. Nd6 fxe6 33. f7+
Kf8 34. Ne3 Ke7 35. dxe6 Kxd6 36. Nd5 Kxe6 37. Nxb6 Kxf7 {Source: Tournament
bulletin. Contributed by Brian Denman, 5 August 2021} 0-1

[Event "GBR-ch83 Major Open"]
[Site "Nottingham"]
[Date "1996.08.05"]
[Round "1"]
[White "Noyce, Robert C"]
[Black "Briggs, Philip J"]
[Result "0-1"]
[WhiteElo "2205"]
[BlackElo "2210"]
[PlyCount "48"]
[EventDate "1996.08.05"]
[EventType "swiss"]
[EventRounds "11"]
[EventCountry "GBR"]

1. e4 e5 2. Nf3 Nf6 3. Nc3 Nc6 4. Bc4 Nxe4 5. Nxe4 d5 6. Bb5 dxe4 7. Nxe5 Qg5
8. d4 Qxg2 9. Rf1 Bd6 10. Nxc6 a6 11. Na7+ axb5 12. Nxc8 Rxc8 13. Qh5 O-O 14.
Be3 f5 15. O-O-O Qg4 16. Qxg4 fxg4 17. Rg1 h5 18. h3 gxh3 19. Rg5 Rxf2 20. Rxb5
Re2 21. Bd2 e3 22. Bc3 g6 23. Rg5 Kh7 {The score gives 23...'Kg7', but that
does not fit in with what follows.} 24. Rdg1 Rf8 {Source: Tournament bulletin.
Contributed by Brian Denman, 5 August 2021} 0-1